000
00231 a2200097 4500
001
24964
100
_a
Chirlian, P.M
245
_a
Integrated actave network analysis synthesis
260
_a
_b
Prentic Hall
_c
090
_c
16910
_d
16910
942
_a
NUST-CAE
_c
M
_c
7681
999
_c
260037
_d
260037